Vista normal
Vista MARC
- FACTORES HUMANOS
Entrada Topical Term
Número de registros utilizados en: 3
001 - CONTROL NUMBER
- control field: 3225
003 - CONTROL NUMBER IDENTIFIER
- control field: OSt
005 - DATE AND TIME OF LATEST TRANSACTION
- control field: 20160210144745.0
008 - FIXED-LENGTH DATA ELEMENTS
- fixed length control field: 160210|| aca||aabn | a|a d
040 ## - CATALOGING SOURCE
- Original cataloging agency: OSt
- Transcribing agency: OSt
150 ## - HEADING--TOPICAL TERM
- Topical term or geographic name entry element: FACTORES HUMANOS
670 ## - SOURCE DATA FOUND
- Source citation: Work cat.: (OSt)4474: Koontz, Harold 3221, Administración: una perspectiva global y empresarial, 2008